Định mức dự toán trong xây dựng cơ bản : Cẩm nang công tác cho nhà đầu tư và xây dựng

में बचाया:
ग्रंथसूची विवरण
स्वरूप: पुस्तक
भाषा:Undetermined
प्रकाशित: Hà Nội Thống kê 1999
टैग : टैग जोड़ें
कोई टैग नहीं, इस रिकॉर्ड को टैग करने वाले पहले व्यक्ति बनें!
Thư viện lưu trữ: Trung tâm Học liệu Trường Đại học Cần Thơ
LEADER 00478nam a2200145Ia 4500
001 CTU_40139
008 210402s9999 xx 000 0 und d
082 |a 690.0212 
082 |b Đ312 
245 0 |a Định mức dự toán trong xây dựng cơ bản : 
245 0 |b Cẩm nang công tác cho nhà đầu tư và xây dựng 
260 |a Hà Nội 
260 |b Thống kê 
260 |c 1999 
980 |a Trung tâm Học liệu Trường Đại học Cần Thơ